[Event "2016 Redpath Mining Millionaire Chess Open"]
[Site "Venue: Old Ed’s Sports Complex, Houghton, Johannesburg"]
[Date "2016.07.15"]
[Round "5"]
[Board "25"]
[White "Claassen, Jean-Daniel"]
[Black "Arjunan, Zander"]
[Result "1-0"]
[WhiteElo "1436"]
[BlackElo "715"]
[PlyCount "0"]
[EventDate "2016.07.13"]
[EventRounds "9"]
[EventCountry "RSA"]

1. d4 {[%clk 1:30:43]} d5 {[%clk 1:30:53]} 2. Nf3 {[%clk 1:30:35]} Nc6
{[%clk 1:31:05]} 3. Bf4 {[%clk 1:30:48]} Nf6 {[%clk 1:31:23]} 4. Nc3
{[%clk 1:31:10]} e6 {[%clk 1:31:48]} 5. e3 {[%clk 1:31:07]} Be7 {[%clk 1:32:09]}
6. Bd3 {[%clk 1:30:14]} O-O {[%clk 1:32:22]} 7. O-O {[%clk 1:30:21]} b6
{[%clk 1:32:42]} 8. Ne5 {[%clk 1:30:32]} Bb7 {[%clk 1:32:54]} 9. Qf3
{[%clk 1:30:26]} Nb4 {[%clk 1:32:36]} 10. Qg3 {[%clk 1:30:15]} g6
{[%clk 1:31:38]} 11. Bh6 {[%clk 1:27:58]} Nh5 {[%clk 1:31:42]} 12. Qg4
{[%clk 1:27:04]} Re8 {[%clk 1:31:36]} 13. Nxg6 {[%clk 1:27:06]} hxg6
{[%clk 1:31:46]} 14. Bxg6 {[%clk 1:27:15]} fxg6 {[%clk 1:32:05]} 15. Qxg6+
{[%clk 1:27:42]} Kh8 {[%clk 1:24:01]} 16. Qxh5 {[%clk 1:27:53]} Kh7
{[%clk 1:24:06]} 17. Bf4+ {[%clk 1:26:57]} Kg7 {[%clk 1:24:15]} 18. Qh6+
{[%clk 1:27:16]} Kf7 {[%clk 1:24:16]} 19. Qh7+ {[%clk 1:27:39]} Kf6
{[%clk 1:24:32]} 20. Be5+ {[%clk 1:28:01]} Kg5 {[%clk 1:24:38]} 21. h4+
{[%clk 1:28:02]} Kg4 {[%clk 1:24:56]} 22. f3# 1-0

[Event "2016 Redpath Mining Millionaire Chess Open"]
[Site "Venue: Old Ed’s Sports Complex, Houghton, Johannesburg"]
[Date "2016.07.15"]
[Round "5"]
[Board "26"]
[White "Nyathi, Musa"]
[Black "Claassen, Gabriella"]
[Result "1-0"]
[WhiteElo "1366"]
[BlackElo "1122"]
[PlyCount "0"]
[EventDate "2016.07.13"]
[EventRounds "9"]
[EventCountry "RSA"]

1. d4 Nf6 2. c4 c5 3. d5 d6 4. Nc3 g6 5. e4 Nbd7 6. Be3 Bg7 7. f3 O-O 8. Bd3 Qa5
9. Nge2 Nb6 10. Qd2 Qb4 11. a3 Qa5 12. g4 Nbd7 13. h4 Ne5 14. Rf1 Bd7 15. Bf4
Nxd3+ 16. Qxd3 Rab8 17. a4 a6 18. Kf2 Qb4 19. a5 b5 20. axb6 Rxb6 21. Bd2 Qb3 22.
Rfb1 Rb4 23. Rxa6 Qxc4 24. Qxc4 Rxc4 25. Ra7 Rd8 26. Rba1 e6 27. Ra8 Rxa8 28.
Rxa8+ Bf8 29. Bh6 Ne8 30. g5 Rb4 31. dxe6 fxe6 32. Rd8 Bc6 33. Nf4 Rxb2+ 34. Kg3
Rb3 35. Nce2 Rb7 36. Nxe6 Rb2 37. Bxf8 Rxe2 38. Bxd6 c4 39. Nd4 Rd2 40. Nxc6 Rxd6
41. Rxe8+ Kf7 42. Re7+ Kf8 43. Rc7 c3 44. Ne5 Rd1 45. Rxc3 Rg1+ 46. Kf4 Rh1 47.
Rc8+ Kg7 48. Rc7+ Kg8 49. Ng4 Rxh4 50. Ke5 Rh5 51. Kf6 Kh8 52. Nh6 Kg8 53. Nf7 h6
54. Rc8+ Kh7 55. Rh8# 1-0

[Event "2016 Redpath Mining Millionaire Chess Open"]
[Site "Venue: Old Ed’s Sports Complex, Houghton, Johannesburg"]
[Date "2016.07.15"]
[Round "5"]
[Board "27"]
[White "Odendaal, Mikhal Marcus"]
[Black "Sabawu, Ernest"]
[Result "0-1"]
[WhiteElo "932"]
[BlackElo "1338"]
[PlyCount "0"]
[EventDate "2016.07.13"]
[EventRounds "9"]
[EventCountry "RSA"]

1. e4 c5 2. Nc3 Nc6 3. Nf3 e6 4. Bc4 a6 5. a3 b5 6. Ba2 c4 7. d3 d5 8. exd5 exd5
9. O-O Nf6 10. Bg5 Be7 11. Re1 O-O 12. dxc4 dxc4 13. Qxd8 Rxd8 14. Re2 Be6 15. a4
h6 16. Bd2 b4 17. Nd1 a5 18. Ne3 b3 19. cxb3 cxb3 20. Bb1 Nb4 21. Re1 Rac8 22.
Bc3 Bc5 23. Bf5 Bxf5 24. Nxf5 Nc2 25. Nxh6+ gxh6 26. Bxf6 Rd6 27. Be7 Nxa1 28.
Bxd6 Nc2 29. Re5 Bxd6 30. Rxa5 Nd4 0-1

[Event "2016 Redpath Mining Millionaire Chess Open"]
[Site "Venue: Old Ed’s Sports Complex, Houghton, Johannesburg"]
[Date "2016.07.16"]
[Round "6"]
[Board "1"]
[White "Jere, Daniel"]
[Black "Oatlhotse, Providence"]
[Result "1/2-1/2"]
[WhiteElo "2368"]
[BlackElo "2250"]
[PlyCount "0"]
[EventDate "2016.07.13"]
[EventRounds "9"]
[EventCountry "RSA"]

1. c4 {[%clk 1:29:51]} c6 {[%clk 1:30:58]} 2. g3 {[%clk 1:30:00]} d5
{[%clk 1:31:18]} 3. Bg2 {[%clk 1:30:16]} Nf6 {[%clk 1:31:41]} 4. Nf3
{[%clk 1:30:34]} Bg4 {[%clk 1:32:08]} 5. Ne5 {[%clk 1:29:36]} Be6
{[%clk 1:32:35]} 6. cxd5 {[%clk 1:29:57]} Bxd5 {[%clk 1:33:02]} 7. Nf3
{[%clk 1:30:20]} c5 {[%clk 1:33:17]} 8. O-O {[%clk 1:29:42]} e6 {[%clk 1:33:17]}
9. Nc3 {[%clk 1:30:01]} Bc6 {[%clk 1:33:45]} 10. d4 {[%clk 1:30:11]} Nbd7
{[%clk 1:32:34]} 11. Be3 {[%clk 1:29:50]} Be7 {[%clk 1:31:59]} 12. dxc5
{[%clk 1:28:52]} Bxc5 {[%clk 1:27:01]} 13. Bxc5 {[%clk 1:29:08]} Nxc5
{[%clk 1:27:28]} 14. Rc1 {[%clk 1:29:27]} O-O {[%clk 1:27:04]} 15. Qd4
{[%clk 1:26:13]} Qxd4 {[%clk 1:18:50]} 16. Nxd4 {[%clk 1:25:57]} Bxg2
{[%clk 1:19:16]} 1/2-1/2

[Event "2016 Redpath Mining Millionaire Chess Open"]
[Site "Venue: Old Ed’s Sports Complex, Houghton, Johannesburg"]
[Date "2016.07.16"]
[Round "6"]
[Board "2"]
[White "Makoto, Rodwell"]
[Black "Wilken, Justin Barend"]
[Result "1-0"]
[WhiteElo "2406"]
[BlackElo "1854"]
[PlyCount "0"]
[EventDate "2016.07.13"]
[EventRounds "9"]
[EventCountry "RSA"]

1. c4 e5 2. g3 Nf6 3. Bg2 c6 4. d4 e4 5. Nc3 Bb4 6. Nh3 d6 7. O-O Bxc3 8. bxc3
O-O 9. Ng5 Re8 10. f3 exf3 11. exf3 Nbd7 12. Ne4 Nb6 13. Nxd6 Qxd6 14. c5 Qe6 15.
cxb6 axb6 16. Rf2 Qc4 17. Bb2 Be6 {[%clk 0:36:24]} 18. Bf1 {[%clk 0:25:38]} Qa4
{[%clk 0:35:57]} 19. Qxa4 {[%clk 0:23:09]} Rxa4 {[%clk 0:35:04]} 20. a3
{[%clk 0:22:53]} Bc4 {[%clk 0:29:32]} 21. Bh3 {[%clk 0:22:43]} Be6
{[%clk 0:27:52]} 22. Bg2 {[%clk 0:21:41]} Bd5 {[%clk 0:27:35]} 23. Rd2
{[%clk 0:20:33]} b5 {[%clk 0:26:18]} 24. Kf2 {[%clk 0:19:30]} Raa8
{[%clk 0:25:49]} 25. Bh3 {[%clk 0:17:04]} Be6 {[%clk 0:24:27]} 26. Bf1
{[%clk 0:16:52]} Nd7 {[%clk 0:24:02]} 27. d5 {[%clk 0:15:57]} Bxd5
{[%clk 0:24:11]} 28. Bxb5 {[%clk 0:16:22]} Nb6 {[%clk 0:21:29]} 29. Bf1
{[%clk 0:16:46]} Nc4 {[%clk 0:18:54]} 30. Bxc4 {[%clk 0:13:53]} Bxc4
{[%clk 0:19:24]} 31. Re1 {[%clk 0:12:48]} Rxe1 {[%clk 0:19:18]} 32. Kxe1
{[%clk 0:13:14]} Re8+ {[%clk 0:18:46]} 33. Kf2 {[%clk 0:13:38]} b5
{[%clk 0:18:47]} 34. Bc1 {[%clk 0:12:51]} Kf8 {[%clk 0:17:35]} 35. g4
{[%clk 0:12:28]} Bd5 {[%clk 0:16:01]} 36. Rd4 {[%clk 0:12:34]} Ra8
{[%clk 0:15:48]} 37. Rd3 {[%clk 0:11:26]} Ra4 {[%clk 0:14:05]} 38. Be3
{[%clk 0:11:31]} h6 {[%clk 0:10:40]} 39. Kg3 {[%clk 0:10:55]} Kg8
{[%clk 0:10:56]} 40. Bc5 {[%clk 0:11:02]} Rc4 {[%clk 0:10:33]} 41. Bb4
{[%clk 0:10:55]} Kh7 {[%clk 0:10:12]} 42. h4 {[%clk 0:10:48]} Be6
{[%clk 0:09:37]} 43. Bd6 {[%clk 0:09:19]} Ra4 {[%clk 0:08:44]} 44. Bb4
{[%clk 0:09:03]} Ra8 {[%clk 0:08:54]} 45. f4 {[%clk 0:08:34]} Rc8
{[%clk 0:07:47]} 46. Bc5 {[%clk 0:08:18]} Bc4 {[%clk 0:07:47]} 47. Rd6
{[%clk 0:07:46]} Bd5 {[%clk 0:08:16]} 48. f5 {[%clk 0:08:02]} Re8
{[%clk 0:06:09]} 49. Bd4 {[%clk 0:06:22]} Rg8 {[%clk 0:02:30]} 50. g5
{[%clk 0:05:38]} g6 {[%clk 0:02:54]} 51. Kf4 {[%clk 0:04:24]} gxf5
{[%clk 0:01:53]} 52. Rxh6# 1-0

[Event "2016 Redpath Mining Millionaire Chess Open"]
[Site "Venue: Old Ed’s Sports Complex, Houghton, Johannesburg"]
[Date "2016.07.16"]
[Round "6"]
[Board "3"]
[White "De Abreu, Roberto N"]
[Black "Hercules, Benjamin Vincent"]
[Result "1-0"]
[WhiteElo "2057"]
[BlackElo "2127"]
[PlyCount "0"]
[EventDate "2016.07.13"]
[EventRounds "9"]
[EventCountry "RSA"]

1. d4 {[%clk 1:30:52]} d5 {[%clk 1:27:57]} 2. c4 {[%clk 1:31:15]} c6
{[%clk 1:28:19]} 3. Nf3 {[%clk 1:31:43]} Nf6 {[%clk 1:28:39]} 4. Nc3
{[%clk 1:32:12]} e6 {[%clk 1:26:39]} 5. g3 {[%clk 1:32:40]} dxc4 {[%clk 1:25:42]}
6. Bg2 {[%clk 1:33:05]} Nbd7 {[%clk 1:10:05]} 7. O-O {[%clk 1:33:18]} b5
{[%clk 1:01:39]} 8. e4 {[%clk 1:33:39]} Bb7 {[%clk 0:56:25]} 9. e5
{[%clk 1:33:50]} Nd5 {[%clk 0:56:44]} 10. Ng5 {[%clk 1:34:18]} Nxc3
{[%clk 0:48:41]} 11. Qh5 {[%clk 0:46:02]} Ne2+ {[%clk 0:47:55]} 12. Kh1
{[%clk 0:45:49]} Qe7 {[%clk 0:48:11]} 13. Qxe2 {[%clk 0:46:13]} h6
{[%clk 0:45:03]} 14. Ne4 {[%clk 0:45:00]} Qd8 {[%clk 0:45:23]} 15. f4 g6
{[%clk 0:33:16]} 16. a4 {[%clk 0:31:33]} a6 {[%clk 0:30:12]} 17. Be3
{[%clk 0:25:46]} h5 {[%clk 0:27:09]} 18. f5 {[%clk 0:16:33]} gxf5
{[%clk 0:24:56]} 19. Bg5 {[%clk 0:17:01]} Qc7 {[%clk 0:24:07]} 20. Rxf5
{[%clk 0:17:20]} c5 {[%clk 0:14:57]} 21. Nd6+ {[%clk 0:16:45]} Bxd6
{[%clk 0:15:20]} 22. exd6 {[%clk 0:17:14]} Bxg2+ {[%clk 0:14:29]} 23. Qxg2
{[%clk 0:17:42]} Qa7 {[%clk 0:11:06]} 24. Rxc5 {[%clk 0:16:21]} Nxc5
{[%clk 0:09:30]} 25. dxc5 {[%clk 0:16:49]} O-O {[%clk 0:07:08]} 26. c6
{[%clk 0:17:01]} f6 {[%clk 0:05:59]} 27. Bh6 {[%clk 0:17:28]} Qd4
{[%clk 0:04:30]} 28. d7 {[%clk 0:16:27]} Rfd8 {[%clk 0:03:40]} 29. c7
{[%clk 0:16:42]} Qxd7 {[%clk 0:04:04]} 30. cxd8=Q+ {[%clk 0:16:48]} Rxd8
{[%clk 0:04:31]} 31. axb5 {[%clk 0:10:18]} axb5 {[%clk 0:05:00]} 32. Qc2
{[%clk 0:08:32]} Qd5+ {[%clk 0:01:58]} 33. Kg1 {[%clk 0:08:48]} Qc5+
{[%clk 0:02:04]} 34. Qf2 {[%clk 0:08:19]} Qxf2+ {[%clk 0:01:53]} 35. Kxf2
{[%clk 0:08:47]} Rd3 {[%clk 0:02:11]} 36. Ra7 {[%clk 0:08:27]} Rb3
{[%clk 0:02:25]} 37. Bc1 {[%clk 0:08:56]} e5 {[%clk 0:02:05]} 38. Rb7
{[%clk 0:08:15]} c3 {[%clk 0:01:07]} 39. bxc3 {[%clk 0:08:23]} Rxc3
{[%clk 0:01:36]} 40. Bd2 {[%clk 0:07:28]} Rb3 {[%clk 0:01:55]} 41. h4
{[%clk 0:07:00]} Rb2 {[%clk 0:01:38]} 42. Ke2 {[%clk 0:07:06]} Rb3
{[%clk 0:02:03]} 43. Be1 {[%clk 0:07:14]} Rb1 {[%clk 0:01:16]} 44. Bd2
{[%clk 0:04:57]} Rb3 {[%clk 0:01:40]} 45. Be3 {[%clk 0:04:26]} Rb2+
{[%clk 0:01:34]} 46. Kf3 {[%clk 0:04:30]} Rb3 {[%clk 0:02:02]} 47. Ke4
{[%clk 0:04:03]} f5+ {[%clk 0:02:07]} 48. Kf3 {[%clk 0:04:25]} Rb1
{[%clk 0:01:11]} 49. Re7 {[%clk 0:04:34]} f4 {[%clk 0:01:06]} 50. gxf4
{[%clk 0:04:55]} exf4 {[%clk 0:01:32]} 51. Kxf4 {[%clk 0:04:56]} b4
{[%clk 0:01:14]} 52. Rb7 {[%clk 0:04:24]} b3 {[%clk 0:01:10]} 53. Bd4
{[%clk 0:04:53]} Rd1 {[%clk 0:01:21]} 54. Bf6 {[%clk 0:04:58]} Rf1+
{[%clk 0:01:01]} 55. Kg5 {[%clk 0:05:17]} Rf3 {[%clk 0:01:26]} 1-0

[Event "2016 Redpath Mining Millionaire Chess Open"]
[Site "Venue: Old Ed’s Sports Complex, Houghton, Johannesburg"]
[Date "2016.07.16"]
[Round "6"]
[Board "4"]
[White "Salimu, Reuben"]
[Black "Mwale, Joseph"]
[Result "1-0"]
[WhiteElo "1949"]
[BlackElo "2076"]
[PlyCount "0"]
[EventDate "2016.07.13"]
[EventRounds "9"]
[EventCountry "RSA"]

1. e4 e5 {[%clk 1:25:35]} 2. Nf3 {[%clk 1:30:39]} Nc6 {[%clk 1:25:58]} 3. Bb5
{[%clk 1:31:03]} a6 {[%clk 1:26:23]} 4. Ba4 {[%clk 1:31:29]} Nf6 {[%clk 1:26:45]}
5. Qe2 {[%clk 1:31:54]} b5 {[%clk 1:26:53]} 6. Bb3 {[%clk 1:32:22]} Be7
{[%clk 1:27:14]} 7. c3 {[%clk 1:32:45]} O-O {[%clk 1:27:25]} 8. O-O
{[%clk 1:33:07]} d6 {[%clk 1:27:13]} 9. Rd1 {[%clk 1:33:31]} Bb7 {[%clk 1:27:34]}
10. d3 {[%clk 1:33:46]} Nd7 {[%clk 1:25:53]} 11. Nbd2 {[%clk 1:32:47]} Nc5
{[%clk 1:24:38]} 12. Bc2 {[%clk 1:33:08]} d5 {[%clk 1:22:57]} 13. Nf1
{[%clk 1:31:06]} d4 {[%clk 1:22:58]} 14. Ng3 {[%clk 1:30:40]} g6 {[%clk 1:23:19]}
15. Bh6 {[%clk 1:30:25]} Re8 {[%clk 1:23:43]} 16. h3 {[%clk 1:29:57]} b4
{[%clk 1:21:19]} 17. cxb4 {[%clk 1:24:37]} Nxb4 {[%clk 1:17:23]} 18. Nxe5
{[%clk 1:22:11]} Bd6 {[%clk 1:17:13]} 19. Nc4 {[%clk 1:19:12]} Qh4
{[%clk 1:07:57]} 20. Nxd6 {[%clk 1:15:29]} cxd6 {[%clk 1:05:17]} 21. Qd2
{[%clk 1:15:14]} f6 {[%clk 1:03:22]} 22. Qxb4 {[%clk 1:14:23]} Qxh6
{[%clk 1:03:44]} 23. Qxd4 {[%clk 1:14:33]} Qf4 {[%clk 1:03:39]} 24. b4
{[%clk 1:12:04]} Ne6 {[%clk 1:01:26]} 25. Bb3 {[%clk 1:12:08]} Kh8
{[%clk 1:01:17]} 26. Bxe6 {[%clk 1:12:19]} Rxe6 {[%clk 1:01:43]} 27. Ne2
{[%clk 1:11:23]} Qe5 {[%clk 0:58:54]} 28. Rac1 {[%clk 1:07:58]} Re7
{[%clk 0:54:23]} 29. Rc2 {[%clk 1:02:33]} d5 {[%clk 0:51:52]} 30. f3
{[%clk 1:01:57]} Rd8 {[%clk 0:48:45]} 31. Qa1 {[%clk 0:56:40]} Qxa1
{[%clk 0:47:18]} 32. Rxa1 {[%clk 0:57:08]} Red7 {[%clk 0:47:10]} 33. Rac1
{[%clk 0:57:19]} Kg7 {[%clk 0:46:51]} 34. Nd4 {[%clk 0:52:19]} Kf7
{[%clk 0:47:02]} 35. Rc7 {[%clk 0:52:23]} dxe4 {[%clk 0:41:00]} 36. dxe4
{[%clk 0:52:35]} g5 {[%clk 0:41:10]} 37. Nc6 {[%clk 0:52:04]} Bxc6
{[%clk 0:41:16]} 38. R1xc6 {[%clk 0:52:31]} Rxc7 {[%clk 0:40:17]} 39. Rxc7+
{[%clk 0:52:59]} Kg6 {[%clk 0:40:26]} 40. Rc6 {[%clk 0:53:20]} Ra8
{[%clk 0:40:38]} 41. e5 {[%clk 0:53:32]} Kf5 {[%clk 0:40:47]} 42. exf6
{[%clk 0:52:22]} h5 {[%clk 0:40:38]} 43. f7 {[%clk 0:52:37]} Rf8 {[%clk 0:40:50]}
44. Rc7 {[%clk 0:49:21]} Kf6 {[%clk 0:40:59]} 45. a4 {[%clk 0:49:44]} Kg7
{[%clk 0:41:23]} 46. Re7 {[%clk 0:49:21]} Kf6 {[%clk 0:41:43]} 47. Ra7
{[%clk 0:49:40]} Kg7 {[%clk 0:42:08]} 48. Rxa6 {[%clk 0:50:03]} Kxf7
{[%clk 0:42:27]} 49. Rc6 {[%clk 0:49:55]} 1-0

[Event "2016 Redpath Mining Millionaire Chess Open"]
[Site "Venue: Old Ed’s Sports Complex, Houghton, Johannesburg"]
[Date "2016.07.16"]
[Round "6"]
[Board "5"]
[White "Van Rensburg, Ryan Pierre"]
[Black "Baxter, David Jarred"]
[Result "1-0"]
[WhiteElo "2220"]
[BlackElo "1662"]
[PlyCount "0"]
[EventDate "2016.07.13"]
[EventRounds "9"]
[EventCountry "RSA"]

1. d4 {[%clk 1:30:53]} Nf6 {[%clk 1:30:16]} 2. c4 {[%clk 1:31:20]} g6
{[%clk 1:30:33]} 3. f3 {[%clk 1:31:49]} d5 {[%clk 1:30:57]} 4. cxd5
{[%clk 1:32:17]} Nxd5 {[%clk 1:31:20]} 5. e4 {[%clk 1:32:45]} Nb6
{[%clk 1:31:39]} 6. Nc3 {[%clk 1:33:13]} Bg7 {[%clk 1:31:57]} 7. Be3
{[%clk 1:33:41]} O-O {[%clk 1:32:17]} 8. Qd2 {[%clk 1:34:11]} Nc6
{[%clk 1:32:20]} 9. O-O-O {[%clk 1:34:38]} f5 {[%clk 1:32:24]} 10. e5
{[%clk 1:34:56]} Nb4 {[%clk 1:32:48]} 11. Nh3 {[%clk 1:31:35]} a5
{[%clk 1:33:11]} 12. Kb1 {[%clk 1:29:40]} N4d5 {[%clk 1:31:56]} 13. Nxd5
{[%clk 1:29:04]} Nxd5 {[%clk 1:32:06]} 14. Bc4 {[%clk 1:26:12]} Be6
{[%clk 1:28:58]} 15. Rc1 {[%clk 1:24:46]} Qd7 {[%clk 1:25:03]} 16. Ng5
{[%clk 1:23:12]} c6 {[%clk 1:25:07]} 17. Ka1 {[%clk 1:11:29]} Rfd8
{[%clk 1:19:28]} 18. f4 {[%clk 1:02:53]} a4 {[%clk 1:00:34]} 19. Rc3
{[%clk 0:57:57]} b5 {[%clk 0:55:19]} 20. Nxe6 {[%clk 0:57:35]} Qxe6
{[%clk 0:55:05]} 21. Bxd5 {[%clk 0:58:03]} Qxd5 {[%clk 0:48:31]} 22. Rhc1
{[%clk 0:57:27]} Ra6 {[%clk 0:48:02]} 23. Qc2 {[%clk 0:53:57]} e6
{[%clk 0:24:33]} 24. Rxc6 {[%clk 0:52:34]} Rxc6 {[%clk 0:24:00]} 25. Qxc6
{[%clk 0:53:01]} Bf8 {[%clk 0:23:50]} 26. Qxd5 {[%clk 0:52:08]} Rxd5
{[%clk 0:23:51]} 27. Rc7 {[%clk 0:50:49]} Bb4 {[%clk 0:22:47]} 28. Kb1
{[%clk 0:50:08]} Ba5 {[%clk 0:20:16]} 29. Re7 {[%clk 0:50:13]} Bb6
{[%clk 0:20:20]} 30. Rxe6 {[%clk 0:47:36]} Bxd4 {[%clk 0:20:30]} 31. Bc1
{[%clk 0:47:55]} Kf7 {[%clk 0:04:09]} 32. Rc6 {[%clk 0:48:02]} h5
{[%clk 0:01:57]} 33. Rc7+ {[%clk 0:47:16]} Kg8 {[%clk 0:01:24]} 34. b3
{[%clk 0:44:55]} axb3 {[%clk 0:01:14]} 35. axb3 {[%clk 0:45:23]} Bg1
{[%clk 0:00:58]} 36. Bb2 {[%clk 0:43:57]} Bd4 {[%clk 0:00:44]} 37. e6
{[%clk 0:40:03]} Bxb2 {[%clk 0:00:54]} 38. Rc8+ Bd4 39. Rc7 Kf8 1-0

[Event "2016 Redpath Mining Millionaire Chess Open"]
[Site "Venue: Old Ed’s Sports Complex, Houghton, Johannesburg"]
[Date "2016.07.16"]
[Round "6"]
[Board "6"]
[White "Mpya, Tshediso M"]
[Black "Simutowe, Musatwe"]
[Result "0-1"]
[WhiteElo "1941"]
[BlackElo "2163"]
[PlyCount "0"]
[EventDate "2016.07.13"]
[EventRounds "9"]
[EventCountry "RSA"]

1. d4 {[%clk 1:09:35]} d5 {[%clk 1:28:03]} 2. Nf3 {[%clk 1:09:41]} Nf6
{[%clk 1:28:25]} 3. Bf4 {[%clk 1:10:05]} c5 {[%clk 1:28:25]} 4. e3
{[%clk 1:10:34]} Bg4 {[%clk 1:28:33]} 5. Be2 {[%clk 1:10:50]} e6 {[%clk 1:28:51]}
6. c3 {[%clk 1:10:59]} Nc6 {[%clk 1:29:14]} 7. O-O {[%clk 1:11:21]} Bd6
{[%clk 1:28:41]} 8. dxc5 {[%clk 1:11:33]} Bxc5 {[%clk 1:28:54]} 9. Nbd2
{[%clk 1:11:43]} O-O {[%clk 1:29:14]} 10. Qa4 {[%clk 1:11:20]} a6
{[%clk 1:29:09]} 11. Bg5 {[%clk 1:11:22]} Bf5 {[%clk 1:26:16]} 12. c4
{[%clk 1:04:16]} h6 {[%clk 1:21:48]} 13. cxd5 {[%clk 0:59:20]} exd5
{[%clk 1:18:00]} 14. Qf4 {[%clk 0:59:35]} Be6 {[%clk 1:16:32]} 15. Bxh6
{[%clk 0:50:20]} gxh6 {[%clk 1:15:08]} 16. Qxh6 {[%clk 0:48:02]} Re8
{[%clk 1:14:44]} 17. Qg5+ {[%clk 0:44:22]} Kf8 {[%clk 1:14:24]} 18. Rac1
{[%clk 0:35:51]} Bd6 {[%clk 1:14:30]} 19. Bd3 {[%clk 0:34:03]} Ng8
{[%clk 1:13:43]} 20. Qh5 {[%clk 0:34:04]} Qf6 {[%clk 1:13:37]} 21. Ng5
{[%clk 0:21:44]} Qh6 {[%clk 1:11:54]} 22. Qxh6+ {[%clk 0:21:53]} Nxh6
{[%clk 1:12:18]} 23. f4 {[%clk 0:22:15]} Bf5 {[%clk 1:12:31]} 24. e4
{[%clk 0:22:17]} dxe4 {[%clk 1:12:39]} 25. Ndxe4 {[%clk 0:22:36]} Be7
{[%clk 1:10:05]} 26. Bc4 {[%clk 0:14:27]} f6 {[%clk 1:09:16]} 27. Ng3
{[%clk 0:14:28]} fxg5 {[%clk 0:54:41]} 28. fxg5 {[%clk 0:14:56]} Bxg5
{[%clk 0:53:10]} 29. Rc3 {[%clk 0:09:07]} Re5 {[%clk 0:52:41]} 30. Rcf3
{[%clk 0:09:15]} Nd4 {[%clk 0:53:03]} 31. Rd3 {[%clk 0:09:01]} Kg7
{[%clk 0:51:25]} 32. Nxf5+ {[%clk 0:08:25]} Ndxf5 {[%clk 0:51:38]} 33. Rd7+
{[%clk 0:08:14]} Re7 {[%clk 0:52:06]} 34. Rd5 {[%clk 0:08:43]} Be3+
{[%clk 0:50:42]} 35. Kh1 {[%clk 0:09:12]} Rf8 {[%clk 0:50:41]} 36. Rf3
{[%clk 0:09:29]} Ba7 {[%clk 0:50:26]} 37. g4 {[%clk 0:09:52]} Re1+
{[%clk 0:50:26]} 38. Kg2 Re6 0-1

[Event "2016 Redpath Mining Millionaire Chess Open"]
[Site "Venue: Old Ed’s Sports Complex, Houghton, Johannesburg"]
[Date "2016.07.16"]
[Round "6"]
[Board "7"]
[White "Xulu, Lindokuhle"]
[Black "Agostinho, Diogo"]
[Result "1-0"]
[WhiteElo "1775"]
[BlackElo "2055"]
[PlyCount "0"]
[EventDate "2016.07.13"]
[EventRounds "9"]
[EventCountry "RSA"]

1. Nf3 {[%clk 1:29:07]} Nf6 {[%clk 1:29:31]} 2. g3 {[%clk 1:29:15]} g6
{[%clk 1:29:55]} 3. Bg2 {[%clk 1:29:41]} Bg7 {[%clk 1:30:16]} 4. O-O
{[%clk 1:29:56]} O-O {[%clk 1:30:41]} 5. c4 {[%clk 1:30:13]} d5 {[%clk 1:30:11]}
6. cxd5 {[%clk 1:28:57]} Nxd5 {[%clk 1:30:32]} 7. Nc3 {[%clk 1:29:16]} c6
{[%clk 1:29:03]} 8. Qb3 {[%clk 1:29:08]} Nb6 {[%clk 1:22:04]} 9. d4
{[%clk 1:26:13]} Be6 {[%clk 1:21:07]} 10. Qc2 {[%clk 1:26:35]} Na6
{[%clk 1:21:11]} 11. a3 {[%clk 1:26:16]} Bg4 {[%clk 1:20:51]} 12. Rd1
{[%clk 1:26:06]} Bxf3 {[%clk 1:18:46]} 13. Bxf3 {[%clk 1:26:22]} e6
{[%clk 1:18:59]} 14. Ne4 {[%clk 1:26:02]} Nd5 {[%clk 1:16:35]} 15. Bg5
{[%clk 1:24:18]} Qb6 {[%clk 1:15:43]} 16. Qd2 {[%clk 1:24:06]} f6
{[%clk 1:05:20]} 17. Bh6 {[%clk 1:22:28]} Rad8 {[%clk 1:05:32]} 18. Bxg7
{[%clk 1:22:27]} Kxg7 {[%clk 1:05:59]} 19. b4 {[%clk 1:22:07]} Qc7
{[%clk 0:53:15]} 20. Rac1 {[%clk 1:21:28]} Qe7 {[%clk 0:53:30]} 21. Qb2
{[%clk 1:21:31]} Rd7 {[%clk 0:49:26]} 22. b5 {[%clk 1:15:34]} cxb5
{[%clk 0:47:42]} 23. Qxb5 {[%clk 1:15:57]} Rfd8 {[%clk 0:47:46]} 24. Nc5
{[%clk 1:14:38]} Nxc5 {[%clk 0:48:04]} 25. dxc5 {[%clk 1:14:59]} f5
{[%clk 0:43:30]} 26. c6 {[%clk 1:12:06]} bxc6 {[%clk 0:42:21]} 27. Rxc6
{[%clk 1:10:52]} Nf6 {[%clk 0:36:08]} 28. Rxd7 {[%clk 1:08:35]} Rxd7
{[%clk 0:36:20]} 29. Qc4 {[%clk 1:08:50]} e5 {[%clk 0:31:43]} 30. Qc3
{[%clk 1:01:43]} e4 {[%clk 0:30:10]} 31. Bg2 {[%clk 1:00:54]} Rd6
{[%clk 0:30:25]} 32. Rc7 {[%clk 1:00:39]} Rd7 {[%clk 0:30:53]} 33. Rc6
{[%clk 1:00:32]} Rd6 {[%clk 0:31:22]} 34. Rc5 {[%clk 1:00:31]} Kh6
{[%clk 0:30:51]} 35. Bf1 {[%clk 0:59:46]} Ne8 {[%clk 0:28:03]} 36. Re5
{[%clk 0:59:52]} Qd7 {[%clk 0:25:19]} 37. h4 {[%clk 0:59:56]} Nf6
{[%clk 0:25:30]} 38. Rc5 {[%clk 0:59:34]} Qe6 {[%clk 0:21:30]} 39. Qe3+
{[%clk 0:59:06]} Kg7 {[%clk 0:21:43]} 40. Rc7+ {[%clk 0:59:28]} Rd7
{[%clk 0:20:20]} 41. Qxa7 {[%clk 0:59:40]} Rxc7 {[%clk 0:19:34]} 42. Qxc7+
{[%clk 1:00:04]} Qd7 {[%clk 0:18:53]} 43. Qxd7+ {[%clk 1:00:14]} Nxd7
{[%clk 0:19:21]} 44. f3 {[%clk 1:00:14]} Kf6 {[%clk 0:18:29]} 45. Kf2
{[%clk 0:59:10]} Nc5 {[%clk 0:17:13]} 46. Ke3 {[%clk 0:59:15]} Ke5
{[%clk 0:17:13]} 47. Bg2 {[%clk 0:59:32]} h6 {[%clk 0:16:14]} 48. fxe4
{[%clk 0:59:47]} fxe4 {[%clk 0:16:35]} 49. Bh3 {[%clk 0:59:47]} g5
{[%clk 0:16:47]} 50. h5 {[%clk 0:59:44]} Na4 {[%clk 0:16:42]} 51. Bc8
{[%clk 0:59:35]} Nb6 {[%clk 0:16:54]} 52. Ba6 {[%clk 0:59:05]} Nd5+
{[%clk 0:17:12]} 53. Kf2 {[%clk 0:53:23]} Nf6 {[%clk 0:17:18]} 54. a4
{[%clk 0:53:14]} Nxh5 {[%clk 0:17:14]} 55. a5 {[%clk 0:53:05]} Kd6
{[%clk 0:15:22]} 56. Bb7 {[%clk 0:52:54]} Nf6 {[%clk 0:15:50]} 57. Ke3
{[%clk 0:53:02]} Nh5 {[%clk 0:09:07]} 58. Bxe4 {[%clk 0:40:36]} Nxg3
{[%clk 0:09:32]} 59. a6 {[%clk 0:40:33]} Nxe4 {[%clk 0:02:16]} 60. a7 Nf6 1-0